000
00230 a2200097 4500
001
40966
100
_a
Shibli Naumani
245
_a
Seerat un Nabi (Vol-V, VI, VII)
260
_a
Lahore
_b
Maqtaba-e-Madina
_c
090
_c
25202
_d
25202
942
_a
NUST-CAE
_c
M
_c
16895
999
_c
276039
_d
276039